Cuarto Seminario Nacional de Estudios Literarios. Fecha: 18 al 21 de noviembre de 1986

Uloženo v:
Podrobná bibliografie
Hlavní autoři: Bahamonde C., Juan (Autor), Sarrocchi Carreño, Augusto César (Autor)
Korporativní autor: Sociedad Chilena de Estudios Literarios (Autor)
Další autoři: Orellana Muermann, Marcela (autora)
Médium: Kniha
Jazyk:španělština
Vydáno: Valparaíso Ediciones Universitarias de Valparaíso 1986
Vydání:1a. ed
Edice:Conclusiones, VII
Témata:
Tagy: Přidat tag
Žádné tagy, Buďte první, kdo vytvoří štítek k tomuto záznamu!

MARC

LEADER 00000nam a2200000 a 4500
001 UCJ6692
003 CL-VaPUC
005 20240924105139.0
008 070124e19860000CL |||||||||||||||||spa|d
999 |c 322794  |d 322792 
040 |c Pontificia Universidad Católica de Valparaíso 
082 0 4 |a Ch860  |b CUA  |2 21 
100 0 |a Bahamonde C., Juan  |e author  |9 513812 
110 2 |a Sociedad Chilena de Estudios Literarios  |e author  |9 513815 
245 1 0 |a Cuarto Seminario Nacional de Estudios Literarios. Fecha: 18 al 21 de noviembre de 1986 
250 |a 1a. ed 
260 |a Valparaíso  |b Ediciones Universitarias de Valparaíso  |c 1986 
300 |a 468 p 
490 0 |a Conclusiones, VII 
583 |a last modification  |c 20070124 00:00:00  |k Rodrigo Vera 
600 0 |a Neruda, Pablo,  |d 1904-1973  |e autor  |9 471955 
600 0 7 |a ROJAS, GONZALO  |2 CL-VaPUC  |9 319345 
600 0 7 |a PRIETO, JENARO  |2 CL-VaPUC  |9 371593 
600 0 |a Parra, Nicanor  |q (Parra Sandoval, Nicanor)  |d 1914-2018  |9 858161 
600 0 |a Shakespeare, William  |9 265757 
600 0 |a García Lorca, Federico   |e autor   |9 315690 
650 0 |a Crítica literaria   |9 269189 
650 7 |a FOLKLORE  |2 CL-VaPUC  |9 268291 
650 0 |a Tragedia   |9 345955 
650 0 |a Ciencia ficción   |9 314542 
700 |a Orellana Muermann, Marcela  |e autora  |9 616898 
700 0 |a Sarrocchi Carreño, Augusto César  |e author  |9 513814 
942 |c BK  |2 ddc 
945 |d 20070124 00:00:00  |a rinostro 
952 |0 0  |1 0  |4 0  |6 CH_860_000000000000000_CUA_1986  |7 0  |8 X  |9 401871  |a FDOBUD  |b FDOBUD  |d 2019-11-22  |i 1051245  |o Ch860 CUA 1986  |p 1051245  |r 2019-11-22  |w 2019-11-22  |y BK_X  |k BUD